000 00515cam a22002171 4500
001 sa 64008458
003 DLC
005 20260227112054.0
008 890724s1963 ii 000 1 beno
010 _asa 64008458
035 _a(OCoLC)20059767
040 _aDLC
_cWaU
_dDLC
042 _apremarc
050 0 0 _aPK1718.B39
_bA79
100 1 _aBasu, Samareśa,
_d1924-1988.
245 1 0 _aĀlora br̥tte.
260 _c[1963]
300 _a133 p.
_c22 cm.
500 _aIn Bengali.
500 _aShort stories.
999 _c60867
_d60867